000 01844nam a2200337 a 4500
001 ebr10671426
003 CaPaEBR
006 m u
007 cr cn|||||||||
008 090218s2009 nyuad sb 001 0 eng d
010 _z 2009006391
020 _z9781606924679 (softcover)
020 _z1606924672 (softcover)
020 _z9781614703341 (e-book)
040 _aCaPaEBR
_cCaPaEBR
035 _a(OCoLC)759117211
050 1 4 _aTP873.5.D5
_bL54 2009eb
082 0 4 _a620.1/98
_222
100 1 _aLigatchev, Valeri.
245 1 0 _aNano- and micro-crystalline diamond films and powders
_h[electronic resource] /
_cValeri Ligatchev.
260 _aNew York :
_bNova Science Publishers,
_cc2009.
300 _aviii, 92 p. :
_bill.
504 _aIncludes bibliographical references (p. [75]-84) and index.
505 0 _aConventional methods of films deposition and powders synthesis -- Effects of deposition techniques and regimes on morphology of diamond films -- Morphological features of synthetic diamond nano-powders -- Morphology and feature of electron spectrums of crystalline diamond films and powders with different grain sizes and shapes -- Fundamental and 'intra-band' optical absorption of diamond films and powders -- Effect of micro- and nano-sized morphology on DC and AC electrical properties of diamond films and powders -- Semi-empirical simulations approaches and results.
533 _aElectronic reproduction.
_bPalo Alto, Calif. :
_cebrary,
_d2013.
_nAvailable via World Wide Web.
_nAccess may be limited to ebrary affiliated libraries.
650 0 _aDiamond thin films.
650 0 _aNanodiamonds.
655 7 _aElectronic books.
_2local
710 2 _aebrary, Inc.
856 4 0 _uhttp://site.ebrary.com/lib/rucke/Doc?id=10671426
_zAn electronic book accessible through the World Wide Web; click to view
999 _c162489
_d162489